World Languages by Letter - A - Statistics

General Stats
  • This quiz has been taken 1,590 times
    1,325 since last reset
  • The average score is 10 of 20
Answer Stats
Hint Answer % Correct
The Quran was written in this language Arabic
100%
An estimated 90–95% of the vocabulary of this language is of Dutch origin Afrikaans
87%
"հայերեն" is its name in its own writing system – spelled "Hayeren" Armenian
79%
Sole official language of Ethiopia until 2020 Amharic
76%
The most mutually intelligible language to Turkish Azerbaijani
74%
Jesus most likely spoke this language Aramaic
69%
The two most prevalent dialects of this language are Tosk and Gheg Albanian
60%
Language of the indigenous people of a long Alaskan island chain Aleut
55%
Spoken mainly in a region in northwestern Georgia that Russia occupies Abkhaz
47%
Native language of the Spanish King Ferdinand II Aragonese
42%
Critically endangered indigenous language of Hokkaido Ainu
37%
Geronimo's native language belonged to this language group Apachean
37%
This language in Ghana and Togo has the namesake of a British pop singer Adele
32%
Its speakers live around Lake Titicaca and have given its name Aymara
32%
Romance language mainly spoken in southwestern Balkans whose namecontains the name of another nearby Romance language, but with this quiz's twist in it Aromanian
31%
Main language of a northeastern Indian state that is the easternmost Indo-Iranian language Assamese
31%
Its speakers have their homeland in northwestern Spain Asturian
31%
About 1/3 of the population in Djibouti speak this language Afar
23%
This primary language of Ancient Babylon was one of the earliest to use the cuneiform script Akkadian
19%
Most spoken indigenous language in Ghana Akan
16%
No matching quizzes found
Score Distribution
Percent of People with Each Score
Percentile by Number Answered
Your Score History
You have not taken this quiz since the last reset